Títulos de crédito /

Сохранить в:
Библиографические подробности
Главный автор: Gómez Gordoa, José (autor)
Формат:
Язык:испанский
Опубликовано: México : Porrúa, 2003, c2003
Редактирование:8a edición
Предметы:
Метки: Добавить метку
Нет меток, Требуется 1-ая метка записи!

MARC

LEADER 00000nam^a2200000^a^4500
001 000161161
005 20250521000000.0
009 20260310100748.466
020 |a 970-07-3829-9 
037 |a Acervo ITESO - Biblioteca 
041 |a ESP 
082 |a 346. 720722  |b GOM 
100 |a Gómez Gordoa, José  |e (autor) 
245 1 0 |a Títulos de crédito /  |c J. Gómez Gordoa. 
250 |a 8a edición 
264 4 |a México :  |b Porrúa,  |c 2003, c2003 
300 |a IX, 293 p. 
336 |a texto  |b txt  |2 rdacontenido 
337 |a sin mediación  |b n  |2 rdamedio 
338 |a volumen  |b nc  |2 rdasoporte 
649 |a XX 
650 |a Instrumentos Financieros -  |z México -  |x Aspectos Jurídicos 
650 |a Crédito -  |z México -  |x Aspectos Jurídicos 
650 |a Derecho Mercantil -  |z México 
650 |a Derecho Civil -  |z México 
650 |a Derecho Privado -  |z México 
910 |a Fondo General 
920 |a Impresos - Libros 
930 |a Colección General 
905 |a 101 
901 |a 0500093493  |b IT1  |c ACC  |u 20250521 
902 |a https://opac.biblio.iteso.mx/vufind/Record/000161161